[Event "Velammal-AICF Women GM 2019"]
[Site "Chennai"]
[Date "2019.02.02"]
[Round "9"]
[White "Sapale Saloni"]
[Black "Uuriintuya, Uurtsaikh"]
[Result "1/2-1/2"]
[WhiteElo "2198"]
[BlackElo "2314"]
[Annotator "NA RC"]
[PlyCount "142"]
[EventDate "2019.01.28"]
[EventType "swiss"]
[EventCountry "IND"]
[SourceTitle "playchess.com"]
[Source "ChessBase"]
[SourceQuality "1"]
[TimeControl "5400+30"]

1. e4 {[%emt 0:00:00]} c5 {[%emt 0:00:00]} 2. Nf3 {[%emt 0:00:00]} (2. Nc3 Nc6 3. Nge2 g6 4. d4 cxd4 {½-½ (45) Wieczorek,O (2477)-Lu,S (2635) Aracaju 2018}) 2... Nc6 {[%emt 0:00:15]} 3. d4 {[%emt 0:00:02]} cxd4 {[%emt 0:00:05]} 4. Nxd4 {[%emt 0:00:07]} g6 {[%emt 0:00:03]} 5. Nc3 {[%emt 0:00:10]} Bg7 {[%emt 0:00:04]} 6. Be3 {[%emt 0:00:08]} Nf6 {[%emt 0:00:04]} 7. Bc4 {[%emt 0:00:10]} Qa5 {[%emt 0:00:58]} 8. O-O {[%emt 0:00:56]} O-O {[%emt 0:00:05]} 9. Bb3 {[%emt 0:00:07]} d6 {[%emt 0:00:07]} 10. h3 {[%emt 0:00:13]} Bd7 {[%emt 0:00:12]} 11. Re1 {[%emt 0:00:17]} Rfe8 {[%emt 0:06:23]} 12. Nf3 {[%emt 0:01:24] B35: Sicilian: Accelerated Dragon with 5 Nc3: main line} b5 {[%emt 0:04:02]} (12... Rac8 13. Qd2 a6 14. Rad1 Be6 15. Bxe6 fxe6 16. Ng5 e5 17. Ne6 Bh8 18. a3 Nd8 19. Nxd8 Rexd8 {½-½ (45) Wieczorek,O (2477)-Lu,S (2635) Aracaju 2018}) 13. a3 {[%emt 0:13:34]} Rac8 $146 {[%emt 0:02:12]} ({Predecessor:} 13... a6 14. Bg5 Rad8 15. Nd5 Nxd5 16. exd5 Ne5 17. Nxe5 Bxe5 18. c3 Qc7 19. Qf3 {Gysi,A (2446)-Donnelly,M (2486) ICCF email 2008}) 14. Qe2 {[%emt 0:04:59]} a6 {[%emt 0:01:16]} 15. Ng5 {[%emt 0:03:59]} Rf8 {[%emt 0:03:55]} 16. f4 {[%emt 0:02:01]} Qc7 {[%emt 0:03:24]} 17. Qf2 {[%emt 0:02:36]} Qb7 {[%emt 0:03:12]} 18. Rad1 {[%emt 0:07:23]} a5 {[%emt 0:05:35] [#]} ({Black should try} 18... h6 $14 19. Nf3 Na5) 19. Bc1 {[%emt 0:07:16]} ({White should try} 19. e5 $1 $16 {[%cal Re5f6]} dxe5 20. fxe5 Nxe5 21. Bc5) 19... Ne8 {[%emt 0:21:47] [#]} (19... b4 $16) 20. Nd5 $2 {[%emt 0:02:25]} ({White should play} 20. f5 $1 $18 {[%cal Rf5g6]} Nf6 21. fxg6 hxg6 22. Nd5) 20... h6 {[%emt 0:09:02]} 21. Nf3 {[%emt 0:00:40]} Rd8 $2 {[%emt 0:06:41]} (21... e6 $16 {was called for.}) 22. Nh4 {[%emt 0:04:59]} Kh7 {[%emt 0:03:41]} ({Better is} 22... a4 $14 23. Ba2 Rb8) 23. f5 {[%emt 0:08:28]} e6 {[%emt 0:04:45]} 24. Nb6 {[%emt 0:04:14]} Ne5 {[%emt 0:02:28]} 25. Nxd7 {[%emt 0:03:43]} Qxd7 {[%emt 0:02:32]} 26. Nf3 {[%emt 0:02:57]} Qe7 {[%emt 0:05:51] [#]} 27. Nxe5 {[%emt 0:01:05]} (27. Nd4 $1 $16) 27... Bxe5 {[%emt 0:00:30]} 28. Rf1 {[%emt 0:00:30]} Bg7 $16 {[%emt 0:02:32]} (28... Nf6 $14) 29. c3 {[%emt 0:05:52]} d5 {[%emt 0:00:30]} 30. Bc2 {[%emt 0:00:30]} dxe4 {[%emt 0:00:30]} 31. Rxd8 {[%emt 0:00:30]} Qxd8 {[%emt 0:00:30]} 32. Rd1 {[%emt 0:00:30]} Qf6 {[%emt 0:00:30]} 33. fxg6+ {[%emt 0:00:30]} Qxg6 {[%emt 0:00:30]} 34. Be3 {[%emt 0:00:30]} Be5 {[%emt 0:00:30]} 35. Rd7 {[%emt 0:00:30]} Nf6 {[%emt 0:00:30]} 36. Rb7 {[%emt 0:00:30]} Rb8 {[%emt 0:00:30]} 37. Rxb8 {[%emt 0:00:30]} Bxb8 {[%emt 0:10:56]} 38. Bd4 {[%emt 0:14:24]} e5 {[%emt 0:00:30]} 39. Be3 {[%emt 0:00:18]} Kg7 {[%emt 0:00:52]} 40. Qd2 {[%emt 0:01:41]} Bc7 {[%emt 0:00:20]} 41. Qe2 {[%emt 0:04:17]} Nh5 {[%emt 0:00:49]} 42. Qxb5 {[%emt 0:01:23]} Nf4 {[%emt 0:01:11]} 43. Bxf4 {[%emt 0:03:46]} exf4 {[%emt 0:00:02]} 44. Kf1 {[%emt 0:00:00]} Qe6 {[%emt 0:00:46]} 45. Bb3 {[%emt 0:00:27]} Qg6 {[%emt 0:00:22]} 46. Bc2 {[%emt 0:00:30]} Qe6 {[%emt 0:00:30]} 47. Bb3 {[%emt 0:00:30]} Qd6 {[%emt 0:00:30]} 48. Qc4 {[%emt 0:00:30]} Qe7 {[%emt 0:00:30]} 49. Bc2 {[%emt 0:00:30]} e3 {[%emt 0:00:30]} 50. Qd3 {[%emt 0:00:30]} Qf6 {[%emt 0:00:30]} 51. Qh7+ {[%emt 0:00:30]} Kf8 {[%emt 0:00:30]} 52. Qf5 {[%emt 0:00:30]} Qh4 {[%emt 0:00:30]} 53. Qc8+ {[%emt 0:00:30]} Bd8 {[%emt 0:00:30]} 54. g3 {[%emt 0:00:30]} fxg3 {[%emt 0:00:30]} 55. Qc5+ {[%emt 0:00:30]} Kg7 {[%emt 0:00:30]} 56. Qf5 {[%emt 0:00:30]} Bc7 {[%emt 0:00:30]} 57. Bb3 {[%emt 0:00:00]} Kf8 {[%emt 0:00:00]} 58. Bc2 {[%emt 0:00:04]} Bd8 {[%emt 0:00:00]} 59. Qc5+ {[%emt 0:01:34]} Kg7 {[%emt 0:01:37]} 60. Qf5 {[%emt 0:00:57]} Bc7 {[%emt 0:00:09]} 61. Qg4+ {[%emt 0:01:17]} Qxg4 {[%emt 0:00:30]} 62. hxg4 {[%emt 0:00:04]} Kf6 {[%emt 0:00:16]} 63. Bd1 {[%emt 0:00:54]} Be5 {[%emt 0:01:07]} 64. Kg2 {[%emt 0:00:27]} Kg5 {[%emt 0:00:23]} 65. a4 {[%emt 0:00:05]} Kf4 {[%emt 0:00:12]} 66. Be2 {[%emt 0:00:16]} Ke4 {[%emt 0:00:43]} 67. b4 {[%emt 0:00:20]} axb4 {[%emt 0:00:57]} 68. cxb4 {[%emt 0:00:06]} Kd4 {[%emt 0:00:06]} 69. a5 {[%emt 0:00:39]} f6 {[%emt 0:00:45]} 70. a6 {[%emt 0:00:32]} Bb8 {[%emt 0:00:07]} 71. b5 {[%emt 0:00:27]} Kc5 {[%emt 0:00:20]} 1/2-1/2

[Event "Velammal-AICF Women GM 2019"]
[Site "Chennai"]
[Date "2019.02.02"]
[Round "9"]
[White "Michelle Catherina, P."]
[Black "Aakanksha Hagawane"]
[Result "1/2-1/2"]
[WhiteElo "2175"]
[BlackElo "2259"]
[Annotator "TA"]
[PlyCount "60"]
[EventDate "2019.01.28"]
[EventType "swiss"]
[EventCountry "IND"]
[SourceTitle "playchess.com"]
[Source "ChessBase"]
[SourceQuality "1"]

{[%evp 13,60,-4,4,-2,25,15,31,20,16,13,14,16,47,47,84,11,32,30,43,4,84,74,140,136,128,102,115,109,198,208,182,93,306,305,314,282,270,250,211,166,130,140,162,111,305,314,346,212,221]} 1. e4 e5 2. Nf3 Nc6 3. Bb5 a6 4. Ba4 Nf6 5. d3 b5 6. Bb3 Bc5 7. c3 ({Predecessor:} 7. a4 Rb8 8. axb5 axb5 9. c3 {1-0 (30) David,A (2587)-Colovic,A (2443) Le Port Marly 2009}) 7... d6 8. a4 $146 {C77: Ruy Lopez: 3...a6 4 Ba4 Nf6, unusual lines} (8. Bg5 h6 9. Bh4 O-O 10. Nbd2 Be6 11. O-O Bb6 12. Re1 Bxb3 13. Nxb3 Nb8 14. d4 Nbd7 15. a4 Re8 {½-½ (67) Carlsen,M (2842)-Mamedyarov,S (2801) Biel 2018}) 8... Rb8 9. axb5 axb5 10. Bg5 {White is slightly better.} ({Predecessor:} 10. O-O h6 11. Na3 O-O 12. Nc2 Bb6 13. Be3 d5 14. Bxb6 Rxb6 15. Re1 Re8 16. exd5 Nxd5 17. d4 e4 18. Nd2 {1-0 (30) David,A (2587)-Colovic,A (2443) Le Port Marly 2009}) 10... h6 11. Bh4 g5 12. Bg3 Ne7 13. O-O Bb6 {[#]} 14. Re1 (14. Na3 $1 $16) 14... Ng6 15. d4 {[%cal Rd4e5]} Qe7 16. Na3 {[%cal Bb1a3,Ba3c2,Bc2b4][%mdl 32]} c6 (16... h5 $11 {remains equal.}) 17. Nc2 $16 Nf4 (17... Bd7 $142) 18. Nb4 Bb7 19. Bxf4 gxf4 20. Nh4 $36 {[%mdl 2048] White is really pushing.} Rd8 (20... Kf8 $16 {is a better defense.}) 21. Nf5 $18 Qd7 22. Qc2 (22. Qe2 $18) 22... c5 $2 (22... Kf8 $16 {was called for.}) 23. dxe5 dxe5 24. Rad1 Qc7 {[#]} 25. Rxd8+ $1 Kxd8 26. Nd5 Bxd5 27. Bxd5 ({Inferior is} 27. exd5 c4 $17) 27... c4 28. h3 (28. Ra1 $18 {Strongly threatening Ra8+.} Kd7 29. Bxf7) 28... Nxd5 $2 (28... Qc5 $16 {was necessary.}) 29. Rd1 {[%mdl 64] Pin} ({Resist} 29. exd5 Re8 $18) 29... Kc8 {...Ne7 is the strong threat.} 30. Rxd5 Rd8 {Accuracy: White = 48%, Black = 27%.} 1/2-1/2

[Event "Velammal-AICF Women GM 2019"]
[Site "Chennai"]
[Date "2019.02.02"]
[Round "9"]
[White "Varshini, V."]
[Black "Franco Valencia, Angela"]
[Result "1/2-1/2"]
[WhiteElo "2171"]
[BlackElo "2107"]
[Annotator "NA RC"]
[PlyCount "53"]
[EventDate "2019.01.28"]
[EventType "swiss"]
[EventCountry "IND"]
[SourceTitle "playchess.com"]
[Source "ChessBase"]
[SourceQuality "1"]
[TimeControl "5400+30"]

{[%evp 22,52,0,25,10,0,0,0,0,-8,0,-16,-4,-23,32767,32767,32767,-18,32767,32767,27,29,29,32767,31,-23,15,0,32767,-25,4,0,36]} 1. e4 {[%emt 0:00:00]} e5 {[%emt 0:01:36]} 2. Nf3 {[%emt 0:00:00]} Nc6 {[%emt 0:00:09]} 3. Bb5 {[%emt 0:00:00]} a6 {[%emt 0:00:04]} 4. Ba4 {[%emt 0:00:00]} d6 {[%emt 0:00:04]} 5. c3 {[%emt 0:01:24]} Bd7 {[%emt 0:00:43]} 6. O-O {[%emt 0:00:32]} g6 {[%emt 0:00:10]} 7. d4 {[%emt 0:00:22]} Bg7 {[%emt 0:00:09]} 8. Be3 {[%emt 0:03:44]} Nf6 {[%emt 0:00:50]} 9. Bc2 {[%emt 0:01:38]} O-O {[%emt 0:02:25]} 10. dxe5 {[%emt 0:05:33]} dxe5 {[%emt 0:01:03]} 11. Qe2 {[%emt 0:00:06]} Qe7 {[%emt 0:01:56]} 12. Nbd2 {[%emt 0:07:14]} Nh5 {[%emt 0:01:20]} 13. Nb3 {[%emt 0:03:16]} b6 {[%emt 0:00:31]} 14. Rad1 {[%emt 0:01:01]} a5 {[%emt 0:03:03]} 15. Nc1 {[%emt 0:04:41]} a4 {[%emt 0:03:37]} 16. a3 {[%emt 0:00:53]} Na5 {[%emt 0:01:03]} 17. Bd3 {[%emt 0:10:56]} Nf4 {[%emt 0:02:17]} 18. Bxf4 {[%emt 0:00:51]} exf4 {[%emt 0:00:03]} 19. h3 {[%emt 0:08:54]} Bc6 {[%emt 0:08:04]} 20. Rfe1 {[%emt 0:02:38]} Qc5 {[%emt 0:03:37]} 21. Na2 {[%emt 0:03:37]} Rfe8 {[%emt 0:02:13]} 22. Nb4 {[%emt 0:01:50]} Bb7 {[%emt 0:00:14]} 23. Nd4 {[%emt 0:07:04]} (23. e5 $14) 23... Qg5 {[%emt 0:03:53]} 24. Nf3 {[%emt 0:05:32]} Qc5 {[%emt 0:01:41]} 25. Nd4 $11 {[%emt 0:04:04]} Qg5 {[%emt 0:02:50]} 26. Nf3 {[%emt 0:04:34]} Qc5 {[%emt 0:04:02]} 27. Nd4 1/2-1/2

[Event "Velammal-AICF Women GM 2019"]
[Site "Chennai"]
[Date "2019.02.02"]
[Round "9"]
[White "Divya Deshmukh"]
[Black "Babiy, Olga"]
[Result "1-0"]
[WhiteElo "2168"]
[BlackElo "2275"]
[Annotator "TA"]
[PlyCount "183"]
[EventDate "2019.01.28"]
[EventType "swiss"]
[EventCountry "IND"]
[SourceTitle "playchess.com"]
[Source "ChessBase"]
[SourceQuality "1"]

{[%evp 15,183,17,11,0,0,0,0,0,31,9,38,32,104,105,98,99,96,82,89,78,85,69,87,60,63,75,76,74,135,125,136,119,124,110,114,84,93,79,79,79,79,79,79,79,81,79,79,79,79,79,79,79,81,81,139,139,151,150,150,150,141,135,171,171,171,171,171,171,171,171,210,197,162,136,233,225,225,225,291,298,317,317,317,317,680,663,711,689,887,921,917,902,893,876,29962,29967,29968,29969,29965,29969,29968,29969,29969,29968,29965,29951,6520,1122,3679,3341,6059,5930,5285,5318,5318,3445,29968,1931,4134,2762,29970,29971,29968,7437,29977,29972,29972,29972,29972,29973,29972,29973,29973,29974,29974,29975,29975,29975,29980,29974,29981,29978,29980,29981,29981,29978,29980,29981,29980,29978,29982,29983,29985,29986,29986,29987,29987,29986,29987,29988,29988,29988,29988,29988,29989,29990,29991,29992,29995,29993]} 1. e4 c6 2. d4 $146 (2. Nc3 d5 3. Nf3 dxe4 4. Nxe4 Nf6 5. Nxf6+ exf6 {0-1 (47) Nepomniachtchi,I (2767)-Carlsen,M (2840) Doha 2016}) ({Predecessor:} 2. Nc3 d5 3. Nf3 dxe4 4. Nxe4 Nf6 5. Nxf6+ exf6 6. h3 Bd6 7. d4 O-O 8. Be3 Re8 9. Be2 Nd7 10. O-O Nf8 {½-½ (77) Martynyuk,E (2128)-Gvanceladze,A (2264) Moscow 2018}) 2... d5 3. Nd2 dxe4 4. Nxe4 Nf6 5. Nxf6+ exf6 6. Nf3 Bd6 7. Be2 O-O 8. O-O Re8 9. h3 {B15: Caro-Kann: 3 Nc3: 3...g6 and 3...dxe4 4 Nxe4 Nf6 5 Nxf6+ exf6} (9. c4 Nd7 10. Bd3 Nf8 11. h3 Ng6 12. Qc2 Qa5 13. c5 Bb8 14. Bd2 Qd8 15. Rfe1 Be6 16. Bc4 Nf8 {0-1 (47) Nepomniachtchi,I (2767)-Carlsen,M (2840) Doha 2016}) 9... Nd7 10. c4 Nf8 11. Be3 {The position is equal.} f5 ({Predecessor:} 11... Ng6 12. Qc2 Bf4 13. Bxf4 Nxf4 {½-½ (77) Martynyuk,E (2128)-Gvanceladze,A (2264) Moscow 2018}) 12. d5 c5 13. Bd3 h6 ({Black should play} 13... Ng6 $14) 14. Qc2 $16 f4 15. Bd2 Bd7 16. Rfe1 Qc7 17. Rxe8 Rxe8 18. Re1 Qd8 19. Qc1 Rxe1+ 20. Qxe1 f6 21. Bc3 g5 (21... b6 $142) 22. Nd2 f5 23. Qe2 {And now Qh5 would win.} Qe7 24. Qxe7 Bxe7 25. Nf3 Ng6 26. Ne5 Nxe5 27. Bxe5 {[%mdl 4096] Endgame KBB-KBB} Kf7 28. b3 Bf6 29. Bd6 Be7 30. Bb8 a6 31. Be2 b5 32. Bc7 b4 33. Bf3 Bf6 34. Bd6 Bd4 (34... Be7 $142 35. Bh5+ Kf8) 35. Bh5+ Kg7 36. Kf1 a5 37. Bd1 Kf6 38. f3 h5 {[#]} 39. h4 $1 {[%mdl 512]} gxh4 40. Bxf4 Be5 41. Be3 Bd6 42. f4 Kg6 43. Kf2 Be7 44. Kf3 Bd6 {[#]} (44... Kg7 $16 45. Bc2 Kf7) 45. Bc1 $1 $18 Be7 {[#]} 46. Bb2 $1 Bf8 47. Be5 Be7 48. Bc7 Be8 49. Bxa5 Bd6 $2 (49... Kf7 50. Bc2 Bd7) 50. Bd8 h3 51. gxh3 Bf7 52. Kg3 Kg7 53. Bg5 Bg6 54. Kh4 Kh7 55. Bxh5 Kg7 56. Bxg6 Kxg6 {KB-KB} 57. Kg3 Bf8 58. Kf3 Kf7 59. Ke2 Bg7 60. Kd3 Bf8 61. Bh4 Bd6 62. Ke3 Kg6 63. Kf3 Bf8 64. Bf2 Kh5 65. Be3 Kh4 66. Kg2 (66. Bc1 $142 Kh5 67. Bb2 Kg6 68. a3 bxa3 69. Bxa3 Kf7 70. Bb2 Bd6 71. Be5) 66... Bd6 67. Bc1 Kh5 68. a3 bxa3 69. Bxa3 Kh4 70. Bc1 {White mates.} Kh5 71. Kg3 Kg6 72. Bb2 Be7 73. Be5 Kf7 74. Kf3 Ke8 75. Ke3 Kd7 76. Kd3 Bh4 77. Kc2 Kc8 78. Bd6 Bf2 79. b4 cxb4 80. Bxb4 Kd7 81. Kd3 Bg3 82. Ke3 Bh4 83. c5 Kc7 84. Kd4 Bf6+ 85. Kc4 Bh4 86. Bc3 Kb7 87. c6+ Kc7 88. Ba5+ Kd6 89. Bb4+ Kc7 90. Kb5 Bg3 91. d6+ Kc8 92. d7+ {Accuracy: White = 79%, Black = 36%.} 1-0

[Event "Velammal-AICF Women GM 2019"]
[Site "Chennai"]
[Date "2019.02.02"]
[Round "9"]
[White "Chandreyee, Hajra"]
[Black "Osmak, Iulija"]
[Result "0-1"]
[WhiteElo "1925"]
[BlackElo "2394"]
[Annotator "NA RC"]
[PlyCount "116"]
[EventDate "2019.01.28"]
[EventType "swiss"]
[EventCountry "IND"]
[SourceTitle "playchess.com"]
[Source "ChessBase"]
[SourceQuality "1"]
[TimeControl "5400+30"]

1. e4 {[%emt 0:00:25]} e5 {[%emt 0:01:51]} 2. Nf3 {[%emt 0:00:06]} Nc6 {[%emt 0:00:05]} 3. Nc3 {[%emt 0:01:49]} Nf6 {[%emt 0:00:05]} 4. d4 {[%emt 0:00:15]} exd4 {[%emt 0:00:10]} 5. Nxd4 {[%emt 0:00:06]} Bb4 {[%emt 0:00:16]} 6. Nxc6 {[%emt 0:00:13]} bxc6 {[%emt 0:00:07]} 7. Bd3 {[%emt 0:00:09]} d5 {[%emt 0:00:13]} 8. exd5 {[%emt 0:00:10]} cxd5 {[%emt 0:00:06]} 9. O-O {[%emt 0:00:10]} O-O {[%emt 0:00:07]} 10. h3 {[%emt 0:01:58]} c6 {[%emt 0:02:25]} 11. Qf3 {[%emt 0:00:08]} Re8 {[%emt 0:00:27]} 12. a3 {[%emt 0:00:34]} Bd6 {[%emt 0:01:59]} 13. Bf4 {[%emt 0:01:09]} Be6 {[%emt 0:04:19]} 14. Bxd6 {[%emt 0:09:04]} Qxd6 {[%emt 0:00:29]} 15. Rfe1 {[%emt 0:04:17]} c5 {[%emt 0:02:02]} 16. b3 {[%emt 0:05:58]} h6 {[%emt 0:05:42]} 17. Rad1 {[%emt 0:03:45]} Qb6 {[%emt 0:07:23]} 18. a4 {[%emt 0:13:35]} Qa5 {[%emt 0:11:12]} 19. Nb5 {[%emt 0:08:53]} Rad8 {[%emt 0:17:57]} 20. Qg3 {[%emt 0:05:49]} Bd7 {[%emt 0:15:31]} 21. c3 {[%emt 0:08:00]} Bxb5 {[%emt 0:02:40]} 22. Bxb5 {[%emt 0:00:29]} Rxe1+ {[%emt 0:01:09]} 23. Rxe1 {[%emt 0:00:09]} Ne4 {[%emt 0:00:29]} 24. Qh4 {[%emt 0:09:41]} Nxc3 {[%emt 0:02:15]} 25. Bd3 {[%emt 0:01:51]} Ne4 {[%emt 0:01:04]} 26. Rd1 {[%emt 0:03:26]} Nf6 {[%emt 0:00:13]} 27. Qf4 {[%emt 0:01:30]} Re8 {[%emt 0:01:08]} 28. Qd6 $19 {[%emt 0:02:07]} Qb6 {[%emt 0:02:20]} 29. Qg3 {[%emt 0:01:27]} Qb8 {[%emt 0:02:21]} 30. Qf3 {[%emt 0:01:02]} Qb4 {[%emt 0:00:14]} 31. Kh2 {[%emt 0:02:13]} Qb8+ {[%emt 0:04:00]} 32. Kg1 {[%emt 0:00:23]} Kf8 {[%emt 0:00:56]} 33. Bb5 {[%emt 0:00:46]} Re6 {[%emt 0:00:35]} 34. Rc1 {[%emt 0:02:24]} Qd6 {[%emt 0:00:34]} 35. Qg3 {[%emt 0:03:03]} Qxg3 {[%emt 0:02:57]} 36. fxg3 {[%emt 0:00:06]} a6 {[%emt 0:00:53]} 37. Bd3 {[%emt 0:00:16]} Rc6 {[%emt 0:00:18]} 38. Kf2 {[%emt 0:00:23]} a5 {[%emt 0:02:06]} 39. Kf3 {[%emt 0:00:59]} Ke7 {[%emt 0:00:26]} 40. g4 {[%emt 0:00:30]} Kd6 {[%emt 0:00:24]} 41. h4 {[%emt 0:00:22]} Rb6 {[%emt 0:00:53]} 42. Bb5 {[%emt 0:00:43]} Ne4 {[%emt 0:00:13]} 43. Ke3 {[%emt 0:00:28]} Nc3 {[%emt 0:01:08]} 44. Rf1 {[%emt 0:02:11]} f6 {[%emt 0:00:19]} 45. g5 {[%emt 0:00:21]} fxg5 {[%emt 0:00:53]} 46. hxg5 {[%emt 0:00:14]} hxg5 {[%emt 0:02:12]} 47. Rf8 {[%emt 0:03:47]} Nxb5 {[%emt 0:00:24]} 48. Rd8+ {[%emt 0:02:40]} Kc7 {[%emt 0:02:36]} 49. Rxd5 {[%emt 0:00:09]} Kc6 {[%emt 0:00:16]} 50. Rxg5 {[%emt 0:00:15]} Nd6 {[%emt 0:00:05]} 51. Ke2 {[%emt 0:01:01]} Rb7 {[%emt 0:01:23]} 52. Rg3 {[%emt 0:00:11]} Nf5 {[%emt 0:00:15]} 53. Rg6+ {[%emt 0:00:35]} Kd5 {[%emt 0:00:24]} 54. g4 {[%emt 0:00:26]} Nd4+ {[%emt 0:00:08]} 55. Kd2 {[%emt 0:00:55]} Nxb3+ {[%emt 0:00:09]} 56. Kc3 {[%emt 0:00:05]} Nd4 {[%emt 0:00:06]} 57. Rg5+ {[%emt 0:00:43]} Kd6 {[%emt 0:00:08]} 58. Rg6+ {[%emt 0:00:05]} Ne6 {[%emt 0:00:04] Kd4 Ke5+} 0-1

[Event "Velammal-AICF Women GM 2019"]
[Site "Chennai"]
[Date "2019.02.03"]
[Round "10"]
[White "Osmak, Iulija"]
[Black "Franco Valencia, Angela"]
[Result "0-1"]
[WhiteElo "2394"]
[BlackElo "2107"]
[Annotator "NA"]
[PlyCount "86"]
[EventDate "2019.01.28"]
[EventType "swiss"]
[EventCountry "IND"]
[SourceTitle "playchess.com"]
[Source "ChessBase"]
[SourceQuality "1"]
[TimeControl "5400+30"]

{[%evp 11,84,18,14,4,14,23,56,75,32767,120,122,134,186,177,202,185,205,32767,207,172,157,0,196,76,73,50,74,32767,32767,-175,-12,-24,0,-8,0,-48,0,-8,-7,0,32767,0,0,32767,-3,32767,58,28,36,32767,32767,32767,32767,32767,32767,32767,32767,32767,32767,32767,32767,32767,32767,32767,32767,32767,32767,32767,32767,32767,32767,32767,32767,32767,-29993]} 1. d4 {[%emt 0:01:05]} f5 {[%emt 0:00:00]} 2. Bf4 {[%emt 0:00:47]} Nf6 {[%emt 0:00:00]} 3. e3 {[%emt 0:00:57]} g6 {[%emt 0:00:25]} 4. Nf3 {[%emt 0:02:14]} Bg7 {[%emt 0:00:05]} 5. h4 {[%emt 0:00:32]} e6 {[%emt 0:04:53]} 6. Nc3 {[%emt 0:05:43]} d6 {[%emt 0:01:21]} 7. Bd3 {[%emt 0:01:18]} Nc6 {[%emt 0:00:57]} 8. e4 {[%emt 0:08:58]} Nh5 {[%emt 0:13:04]} 9. Bg5 {[%emt 0:02:41]} Bf6 {[%emt 0:00:59]} (9... Qd7 $14) 10. exf5 {[%emt 0:10:05]} exf5 {[%emt 0:02:24]} 11. Qd2 {[%emt 0:01:39]} O-O {[%emt 0:05:43]} 12. O-O-O {[%emt 0:02:22]} Nb4 {[%emt 0:03:23]} 13. Bc4+ {[%emt 0:04:51]} d5 {[%emt 0:00:29] [#]} 14. Be2 $1 {[%emt 0:01:09]} f4 $1 {[%emt 0:01:43]} 15. Bh6 {[%emt 0:18:38]} (15. a3 $18 {has better winning chances.} Nc6 16. Ne5) 15... Bg7 {[%emt 0:02:39]} 16. Bg5 {[%emt 0:03:50]} (16. Bxg7 $16 Nxg7 17. h5 gxh5 18. Ne5) 16... Bf6 {[%emt 0:01:56]} 17. Bxf4 {[%emt 0:03:11]} Nxf4 {[%emt 0:02:00]} 18. Qxf4 {[%emt 0:00:04]} c5 $1 {[%emt 0:00:46]} 19. Qd2 {[%emt 0:03:09]} Bf5 {[%emt 0:01:34]} 20. Bd3 $2 {[%emt 0:05:24]} (20. dxc5 $11 Bxc2 21. Nxd5 Bxd1 22. Nxf6+ Rxf6 23. Rxd1 Qxd2+ 24. Kxd2) 20... Bxd3 $2 {[%emt 0:15:04]} (20... cxd4 $19 21. Ne2 Nxa2+ 22. Kb1 {[#]} Nc3+ $1 {[%mdl 512]} 23. bxc3 Qb6+ 24. Ka2 Qa5+ 25. Kb3 dxc3 26. Nxc3 Qb6+ 27. Ka2 Bd7) 21. cxd3 {[%emt 0:00:12]} cxd4 {[%emt 0:00:04]} 22. Ne2 $1 {[%emt 0:01:18]} Nxa2+ {[%emt 0:02:23]} 23. Kb1 {[%emt 0:00:04]} Nc3+ $1 {[%emt 0:00:08]} 24. bxc3 {[%emt 0:00:59]} dxc3 {[%emt 0:00:01]} 25. Qa2 $1 {[%emt 0:09:47]} Qb6+ {[%emt 0:03:28]} 26. Kc1 {[%emt 0:00:06]} Qxf2 {[%emt 0:02:50]} 27. Nxc3 {[%emt 0:00:30]} Qe3+ $1 {[%emt 0:01:43]} 28. Qd2 {[%emt 0:00:04]} Qb6 {[%emt 0:00:08]} ({Better is} 28... Qe7 $11 29. d4 Rac8) 29. d4 {[%emt 0:00:16]} Rac8 {[%emt 0:00:20]} 30. Qb2 {[%emt 0:01:54]} Qa5 {[%emt 0:00:13]} 31. Rd3 {[%emt 0:00:27]} b5 {[%emt 0:02:58]} 32. Kb1 {[%emt 0:04:27]} Rc4 {[%emt 0:00:43]} 33. Nxd5 {[%emt 0:01:02]} Bg7 {[%emt 0:00:42]} 34. Ra3 {[%emt 0:01:58]} Ra4 {[%emt 0:01:51]} 35. Rxa4 {[%emt 0:00:51]} bxa4 {[%emt 0:00:03]} 36. Qa2 {[%emt 0:00:06]} Rb8+ {[%emt 0:00:23]} 37. Ka1 {[%emt 0:00:06]} Rb3 {[%emt 0:00:09]} 38. Rc1 {[%emt 0:02:15]} Qxd5 {[%emt 0:01:05]} 39. Rc8+ {[%emt 0:01:00]} Bf8 {[%emt 0:00:06]} 40. Qxa4 {[%emt 0:00:18]} Kg7 {[%emt 0:03:39]} 41. Qxa7+ {[%emt 0:01:03]} Kh6 {[%emt 0:00:06]} 42. Rxf8 {[%emt 0:02:07]} Qc4 {[%emt 0:00:32]} 43. Qc5 {[%emt 0:01:30]} Qa4+ {[%emt 0:00:05]} 0-1